Daňová teorie a politika

Na minha lista:
Detalhes bibliográficos
Autor principal: Kubátová, Květa
Formato: Livro
Idioma:tcheco
Publicado em: Praha ASPI Wolters Kluwer 2006
Edição:4. aktualiz. vyd.
Assuntos:
Tags: Adicionar Tag
Sem tags, seja o primeiro a adicionar uma tag!

MARC

LEADER 00000nam$a2200000$$$4500
001 0076508
005 20240313085646.9
020 |a 80-7357-205-2 
041 0 |a cze 
044 |a CZ 
245 1 0 |a Daňová teorie a politika  |c Květa Kubátová 
250 |a 4. aktualiz. vyd. 
264 1 |a Praha  |b ASPI Wolters Kluwer  |c 2006 
300 |a 279 s. 
610 2 0 |a dane 
610 2 0 |a efektívnosť 
610 2 0 |a systémy daňové 
610 2 0 |a teórie daňové 
610 2 0 |a spravodlivosť daňová 
610 2 0 |a zdaňovanie 
610 2 0 |a politika daňová 
610 2 0 |a dane dôchodkové 
610 2 0 |a dane osobné 
610 2 0 |a dane zo zisku 
610 2 0 |a zabezpečenie sociálne 
610 2 0 |a dane spotrebné 
610 2 0 |a dane majetkové 
610 2 0 |a dane ekologické 
100 1 |a Kubátová, Květa